000
00272nam a2200097Ia 4500
001
1229239
005
20250827093057.0
008
250824s9999 xx 000 0 und d
245
0
_a
JOHANNES GUTENBERG
_c
LLUIS BORRAS-FRANCESCA CARABELLI
260
_b
ALTIN KİTAPLAR YAYINLARI
999
_c
1229239
_d
1229239